Largest Towns in Skåne - Statistics

General Stats
  • This quiz has been taken 108 times
  • The average score is 13 of 20
Answer Stats
Population Town % Correct
325,069 Malmö
100%
94,814 Lund
99%
113,828 Helsingborg
97%
41,299 Kristianstad
90%
30,808 Trelleborg
90%
20,195 Ystad
87%
33,466 Landskrona
78%
29,490 Ängelholm
74%
19,435 Hässleholm
72%
12,976 Höör
69%
19,794 Eslöv
68%
13,772 Lomma
62%
16,001 Höganäs
51%
16,854 Staffanstorp
50%
12,918 Svedala
44%
11,297 Bjuv
37%
10,576 Åstorp
36%
15,598 Höllviken-Ljunghusen
35%
13,575 Oxie
26%
15,212 Bunkeflostrand
18%
No matching quizzes found
Score Distribution
Percent of People with Each Score
Percentile by Number Answered
Your Score History
You have not taken this quiz